000 00254nam a22001217a 4500
008 170623b xxu||||| |||| 00| 0 eng d
041 _aeng
080 _a93
100 _a21
101 _aSHP
245 _aTHE PHYSICISTS
_cKEVLES, D.J
942 _2udc
_cBK
999 _c18901
_d18901